[Event "Politiken Cup 33rd"]
[Site "Helsingor"]
[Date "2011.08.02"]
[Round "5"]
[White "Christiansen, Jens Jorgen"]
[Black "Jorgensen, Michael"]
[Result "0-1"]
[WhiteElo "2115"]
[BlackElo "2271"]
[PlyCount "62"]
[EventDate "2011.07.30"]
[EventType "swiss"]
[EventRounds "10"]
[EventCountry "DEN"]
[SourceTitle "CBM 143 Extra"]
[Source "ChessBase"]
[SourceDate "2011.08.29"]
[SourceVersion "1"]
[SourceVersionDate "2011.08.29"]
[SourceQuality "1"]

1. d4 f5 2. g3 Nf6 3. Bg2 g6 4. Nh3 Bg7 5. 0-0 Nc6 6. f4 e6 7. c4 0-0 8. Nc3 d6 9. e3 Bd7 10. Nf2 a5 11. b3 Qe7 12. a3 Rad8 13. Bb2 Bc8 14. Qc2 Rfe8 15. Nd3 h5 16. Rfe1 h4 17. gxh4 Qf7 18. b4 axb4 19. axb4 Ne7 20. Nf2 e5 21. Ne2 e4 22. d5 Nh5 23. Nh3 Bxb2 24. Qxb2 Qf6 25. Qxf6 Nxf6 26. Nd4 Bd7 27. Ng5 Ra8 28. h3 b5 29. cxb5 Nexd5 30. Nge6 Rxa1 31. Rxa1 Bxe6 0-1

[Event "Politiken Cup 33rd"]
[Site "Helsingor"]
[Date "2011.07.30"]
[Round "1"]
[White "Rodvik, Trym Daniel"]
[Black "Jorgensen, Michael"]
[Result "1/2-1/2"]
[WhiteElo "1843"]
[BlackElo "2271"]
[PlyCount "55"]
[EventDate "2011.07.30"]
[EventType "swiss"]
[EventRounds "10"]
[EventCountry "DEN"]
[SourceTitle "CBM 143 Extra"]
[Source "ChessBase"]
[SourceDate "2011.08.29"]
[SourceVersion "1"]
[SourceVersionDate "2011.08.29"]
[SourceQuality "1"]

1. e4 e6 2. d4 d5 3. Nd2 Nf6 4. e5 Nfd7 5. f4 c5 6. c3 Nc6 7. Ndf3 Qb6 8. h4 Be7 9. h5 h6 10. g4 a5 11. a4 cxd4 12. cxd4 Ndb8 13. Ne2 Na6 14. Nc3 Nab4 15. Be3 Bd7 16. Rh2 0-0-0 17. Kf2 f6 18. Kg3 fxe5 19. fxe5 Rdf8 20. Bb5 Rf7 21. Ne2 Rhf8 22. Rf2 Qd8 23. Qd2 Kb8 24. Raf1 Bc8 25. Nf4 Na7 26. Ng6 Rg8 27. Be2 Nbc6 28. Nxe7 1/2-1/2

[Event "Politiken Cup 32nd"]
[Site "Copenhagen"]
[Date "2010.08.08"]
[Round "10"]
[White "Hvenekilde, Jorgen"]
[Black "Jorgensen, Michael"]
[Result "0-1"]
[WhiteElo "2111"]
[BlackElo "2230"]
[PlyCount "64"]
[EventDate "2010.07.31"]
[EventType "swiss"]
[EventRounds "10"]
[EventCountry "DEN"]
[SourceTitle "CBM 137 Extra"]
[Source "ChessBase"]
[SourceDate "2010.09.01"]
[SourceVersion "1"]
[SourceVersionDate "2010.09.01"]
[SourceQuality "1"]

1. d4 f5 2. g3 Nf6 3. Bg2 g6 4. Nh3 Bg7 5. Nc3 Nc6 6. d5 Ne5 7. Nf4 c6 8. h4 cxd5 9. Ncxd5 Nxd5 10. Nxd5 Nf7 11. Bd2 e6 12. Bc3 Bxc3+ 13. Nxc3 Qf6 14. Qd2 Rb8 15. 0-0-0 0-0 16. f4 b5 17. e4 b4 18. Ne2 fxe4 19. Bxe4 a5 20. h5 g5 21. h6 a4 22. Rh5 a3 23. Qd4 axb2+ 24. Qxb2 Qxb2+ 25. Kxb2 d5 26. Bd3 e5 27. fxe5 Bg4 28. Rh2 Nxe5 29. Kc1 Rf3 30. Ba6 Rb6 31. Rxd5 Rxa6 32. Nd4 Nc4 0-1

[Event "DEN-chT 0809"]
[Site "Denmark"]
[Date "2009.03.21"]
[Round "8.4"]
[White "Baekgaard, Martin"]
[Black "Jorgensen, Michael"]
[Result "1-0"]
[WhiteElo "2294"]
[BlackElo "2186"]
[PlyCount "103"]
[EventDate "2008.11.01"]
[EventType "team-tourn"]
[EventRounds "9"]
[EventCountry "DEN"]
[SourceTitle "EXT 2023"]
[Source "ChessBase"]
[SourceDate "2022.10.05"]
[SourceVersion "1"]
[SourceVersionDate "2022.10.05"]
[SourceQuality "1"]
[WhiteTeam "Jetsmark"]
[BlackTeam "Helsingor"]
[WhiteTeamCountry "DEN"]
[BlackTeamCountry "DEN"]

1. d4 f5 2. g3 Nf6 3. Bg2 g6 4. c4 Bg7 5. Nc3 d6 6. Nf3 0-0 7. 0-0 c6 8. b4 Kh8 9. Bb2 Be6 10. d5 Bg8 11. Qb3 e5 12. dxe6 Bxe6 13. Nd4 Bg8 14. b5 Ng4 15. Na4 Ne5 16. Rac1 cxb5 17. Qxb5 Nbd7 18. Qxb7 Rc8 19. Nc6 Qc7 20. Ne7 Qxb7 21. Bxb7 Rb8 22. Bd5 Rb4 23. Bxe5 Bxe5 24. Nc3 Bxd5 25. cxd5 Kg7 26. Nc6 Rb2 27. a4 a6 28. Nxe5 Nxe5 29. Rb1 Rfb8 30. Rxb2 Rxb2 31. Rb1 Rxb1+ 32. Nxb1 Nc4 33. Nc3 Kf6 34. f4 Ke7 35. Kf2 Kd7 36. e4 fxe4 37. Nxe4 Kc7 38. g4 Kb6 39. f5 gxf5 40. gxf5 Ka5 41. f6 Ne5 42. Kg3 Kxa4 43. Nxd6 Kb4 44. f7 Nd7 45. Ne4 Nf8 46. Ng5 h6 47. Ne6 Nd7 48. d6 Kb5 49. f8Q Nxf8 50. Nxf8 Kc6 51. d7 Kc7 52. Kf4 1-0

[Event "DEN-chT 0809"]
[Site "Denmark"]
[Date "2009.02.22"]
[Round "7.4"]
[White "Bekker Jensen, Simon"]
[Black "Jorgensen, Michael"]
[Result "1-0"]
[WhiteElo "2410"]
[BlackElo "2186"]
[PlyCount "75"]
[EventDate "2008.11.01"]
[EventType "team-tourn"]
[EventRounds "9"]
[EventCountry "DEN"]
[SourceTitle "EXT 2023"]
[Source "ChessBase"]
[SourceDate "2022.10.05"]
[SourceVersion "1"]
[SourceVersionDate "2022.10.05"]
[SourceQuality "1"]
[WhiteTeam "Helsinge"]
[BlackTeam "Helsingor"]
[WhiteTeamCountry "DEN"]
[BlackTeamCountry "DEN"]

1. d4 f5 2. g3 Nf6 3. Bg2 g6 4. c4 Bg7 5. Nc3 d6 6. Nf3 0-0 7. 0-0 Qe8 8. d5 Na6 9. Nd4 Bd7 10. Rb1 c5 11. dxc6 bxc6 12. b4 Nxb4 13. Rxb4 c5 14. Rb1 cxd4 15. Bxa8 dxc3 16. Bd5+ Nxd5 17. Qxd5+ Kh8 18. Be3 Bc6 19. Qa5 Qf7 20. Qa6 Be4 21. Rb4 Qe6 22. c5 f4 23. Bd4 fxg3 24. hxg3 Bxd4 25. Rxd4 Rf5 26. Qc4 d5 27. Qxc3 Rf6 28. Qe3 g5 29. Qxg5 Rh6 30. Rxe4 dxe4 31. Rd1 Rg6 32. Qf4 Kg7 33. Kg2 e3 34. Qxe3 Qc6+ 35. Kg1 h5 36. Qxe7+ Kh6 37. Qf8+ Kh7 38. Rd8 1-0

[Event "DEN-chT 0809"]
[Site "Denmark"]
[Date "2009.01.25"]
[Round "6.4"]
[White "Jorgensen, Michael"]
[Black "Christensen, Thomas1111"]
[Result "1-0"]
[WhiteElo "2186"]
[BlackElo "2179"]
[PlyCount "119"]
[EventDate "2008.11.01"]
[EventType "team-tourn"]
[EventRounds "9"]
[EventCountry "DEN"]
[SourceTitle "EXT 2023"]
[Source "ChessBase"]
[SourceDate "2022.10.05"]
[SourceVersion "1"]
[SourceVersionDate "2022.10.05"]
[SourceQuality "1"]
[WhiteTeam "Helsingor"]
[BlackTeam "Nastved"]
[WhiteTeamCountry "DEN"]
[BlackTeamCountry "DEN"]

1. d4 Nf6 2. c4 e5 3. dxe5 Ng4 4. Nf3 Bc5 5. e3 Nc6 6. Be2 0-0 7. 0-0 Re8 8. Nbd2 Ngxe5 9. Nxe5 Nxe5 10. Ne4 Bf8 11. Ng3 Qh4 12. Qd4 Qh6 13. e4 Qf6 14. Be3 b6 15. Qd2 Bc5 16. Bxc5 bxc5 17. f4 Nc6 18. e5 Qe6 19. Rae1 Bb7 20. Bd3 Nd4 21. f5 Qh6 22. Qxh6 gxh6 23. Be4 Bc6 24. Bd5 Kf8 25. Nh5 Ke7 26. Nf6 Bxd5 27. cxd5 Rh8 28. Ne4 Rab8 29. b3 Rb5 30. Rf4 Rg8 31. d6+ Kd8 32. Nf6 Rg5 33. g4 Ra5 34. a4 Ra6 35. Ne4 cxd6 36. Nxd6 Ke7 37. Ne4 Rb6 38. Nxc5 Nxb3 39. Rd1 d6 40. f6+ Kd8 41. Ne6+ Kd7 42. Nxg5 hxg5 43. Rf5 Ke6 44. exd6 Rxd6 45. Rxd6+ Kxd6 46. Rxg5 Ke6 47. Rb5 Nd4 48. Ra5 Nc6 49. Ra6 Kd7 50. Kf2 Kc7 51. Ke3 Kb7 52. Rxc6 Kxc6 53. Kd4 Kd6 54. g5 Ke6 55. Ke4 h6 56. h4 hxg5 57. hxg5 a5 58. Kf4 Kd7 59. Kf5 Ke8 60. g6 1-0

[Event "DEN-chT 0809"]
[Site "Denmark"]
[Date "2009.01.11"]
[Round "5.4"]
[White "Greger, Roland Reinhard"]
[Black "Jorgensen, Michael"]
[Result "1/2-1/2"]
[WhiteElo "2385"]
[BlackElo "2186"]
[PlyCount "91"]
[EventDate "2008.11.01"]
[EventType "team-tourn"]
[EventRounds "9"]
[EventCountry "DEN"]
[SourceTitle "EXT 2023"]
[Source "ChessBase"]
[SourceDate "2022.10.05"]
[SourceVersion "1"]
[SourceVersionDate "2022.10.05"]
[SourceQuality "1"]
[WhiteTeam "Copenhagen K41"]
[BlackTeam "Helsingor"]
[WhiteTeamCountry "DEN"]
[BlackTeamCountry "DEN"]

1. e4 e6 2. d4 d5 3. Nd2 Nf6 4. e5 Nfd7 5. Bd3 c5 6. c3 Nc6 7. Ne2 cxd4 8. cxd4 f6 9. exf6 Nxf6 10. Nf3 Bd6 11. 0-0 0-0 12. Bf4 Bxf4 13. Nxf4 Ne4 14. g3 Qf6 15. h4 h6 16. Bxe4 dxe4 17. Ne5 g5 18. Nh5 Qf5 19. g4 Qh7 20. hxg5 hxg5 21. Qd2 Rf5 22. Rfe1 Nxe5 23. dxe5 Bd7 24. Nf6+ Rxf6 25. exf6 Bc6 26. Qxg5+ Kf7 27. Rac1 Rg8 28. Rxc6 Rxg5 29. Rc7+ Kg6 30. Rxh7 Rxg4+ 31. Kf1 Kxh7 32. Rc1 Kg6 33. Rc7 Kxf6 34. Rxb7 a5 35. Rb5 a4 36. Rb4 a3 37. b3 Ke5 38. Ra4 Kf4 39. Ke2 Rg1 40. Rxa3 Rb1 41. Ra6 Rb2+ 42. Ke1 e5 43. Ra8 Kf3 44. Rf8+ Kg4 45. Rg8+ Kf4 46. Rf8+ 1/2-1/2

[Event "DEN-chT 0506"]
[Site "Denmark"]
[Date "2006.03.19"]
[Round "9.6"]
[White "Rasmussen, Casper"]
[Black "Jorgensen, Michael"]
[Result "1-0"]
[WhiteElo "2324"]
[BlackElo "2185"]
[PlyCount "85"]
[EventDate "2005.11.05"]
[EventType "team-tourn"]
[EventRounds "9"]
[EventCountry "DEN"]
[SourceTitle "EXT 2023"]
[Source "ChessBase"]
[SourceDate "2022.10.05"]
[SourceVersion "1"]
[SourceVersionDate "2022.10.05"]
[SourceQuality "1"]
[WhiteTeam "Skolerne"]
[BlackTeam "Helsingor"]
[WhiteTeamCountry "DEN"]
[BlackTeamCountry "DEN"]

1. c4 f5 2. g3 Nf6 3. Bg2 g6 4. Nc3 Bg7 5. d3 d6 6. e4 e5 7. Nge2 0-0 8. 0-0 Nc6 9. Nd5 Ne7 10. Nxe7+ Qxe7 11. exf5 gxf5 12. f4 c6 13. d4 e4 14. d5 cxd5 15. cxd5 Qc7 16. Be3 Qc4 17. b3 Qxd5 18. Nc3 Qa5 19. Rc1 d5 20. Bd4 Be6 21. Qd2 Rf7 22. Nxe4 Qxd2 23. Nxd2 Ne4 24. Nf3 Bf8 25. Rc2 a5 26. Ne5 Rg7 27. a4 h5 28. Nf3 Rh7 29. Rfc1 Ba3 30. Bb2 Bd6 31. Be5 Ba3 32. Rd1 Bb4 33. Nd4 Bd7 34. Rc7 b6 35. Nf3 Bc5+ 36. Bd4 Rf8 37. Ng5 Rg7 38. Bxe4 fxe4 39. Rxc5 Rxg5 40. Rc7 Bg4 41. fxg5 Bxd1 42. Rg7+ Kh8 43. g6 1-0

[Event "DEN-chT 0506"]
[Site "Denmark"]
[Date "2006.03.18"]
[Round "8.6"]
[White "Jorgensen, Michael"]
[Black "Pedersen, Karl"]
[Result "1-0"]
[WhiteElo "2185"]
[BlackElo "2244"]
[PlyCount "55"]
[EventDate "2005.11.05"]
[EventType "team-tourn"]
[EventRounds "9"]
[EventCountry "DEN"]
[SourceTitle "EXT 2023"]
[Source "ChessBase"]
[SourceDate "2022.10.05"]
[SourceVersion "1"]
[SourceVersionDate "2022.10.05"]
[SourceQuality "1"]
[WhiteTeam "Helsingor"]
[BlackTeam "Nordre"]
[WhiteTeamCountry "DEN"]
[BlackTeamCountry "DEN"]

1. d4 Nf6 2. c4 g6 3. Nc3 Bg7 4. e4 d6 5. f3 0-0 6. Be3 e5 7. d5 c5 8. Qd2 a6 9. Bd3 Nbd7 10. Nge2 Rb8 11. 0-0 Kh8 12. Rab1 Qc7 13. a3 Ne8 14. b4 f5 15. exf5 gxf5 16. f4 e4 17. Bc2 Ndf6 18. h3 Bd7 19. Kh1 Rg8 20. a4 Nh5 21. Rg1 b6 22. g4 fxg4 23. Nxe4 h6 24. hxg4 Qd8 25. g5 Bf5 26. N2g3 Nxg3+ 27. Nxg3 Bg4 28. Qd3 1-0

[Event "DEN-chT 0506"]
[Site "Denmark"]
[Date "2005.11.06"]
[Round "2.6"]
[White "Jorgensen, Michael"]
[Black "Hjorth, Torben"]
[Result "1-0"]
[WhiteElo "2185"]
[BlackElo "2201"]
[PlyCount "61"]
[EventDate "2005.11.05"]
[EventType "team-tourn"]
[EventRounds "9"]
[EventCountry "DEN"]
[SourceTitle "EXT 2023"]
[Source "ChessBase"]
[SourceDate "2022.10.05"]
[SourceVersion "1"]
[SourceVersionDate "2022.10.05"]
[SourceQuality "1"]
[WhiteTeam "Helsingor"]
[BlackTeam "Aalborg"]
[WhiteTeamCountry "DEN"]
[BlackTeamCountry "DEN"]

1. d4 Nf6 2. c4 g6 3. Nc3 Bg7 4. e4 d6 5. f3 0-0 6. Be3 Nbd7 7. Nh3 c5 8. d5 a6 9. a4 Ne5 10. Nf2 e6 11. Be2 exd5 12. cxd5 Re8 13. 0-0 Qe7 14. Qd2 Qf8 15. Ra3 h5 16. h3 Kh7 17. f4 Ned7 18. Bd3 Rb8 19. e5 dxe5 20. f5 c4 21. fxg6+ fxg6 22. Bxg6+ Kxg6 23. Qc2+ Kf7 24. Nfe4 Kg8 25. Bg5 Qe7 26. Nxf6+ Nxf6 27. Ne4 Rf8 28. Raf3 Bd7 29. Bxf6 Bxf6 30. Nxf6+ Kg7 31. Qh7# 1-0

[Event "DEN-chT 0405"]
[Site "Denmark"]
[Date "2004.11.07"]
[Round "2.5"]
[White "Jorgensen, Michael"]
[Black "Hoiberg, Nina"]
[Result "1/2-1/2"]
[WhiteElo "2192"]
[BlackElo "2180"]
[PlyCount "60"]
[EventDate "2004.11.06"]
[EventType "team-tourn"]
[EventRounds "7"]
[EventCountry "DEN"]
[SourceTitle "EXT 2023"]
[Source "ChessBase"]
[SourceDate "2022.10.05"]
[SourceVersion "1"]
[SourceVersionDate "2022.10.05"]
[SourceQuality "1"]
[WhiteTeam "Helsingor"]
[BlackTeam "Nordre"]
[WhiteTeamCountry "DEN"]
[BlackTeamCountry "DEN"]

1. d4 c5 2. d5 e5 3. e4 d6 4. h3 Nf6 5. Nc3 g6 6. Nf3 Bg7 7. Bg5 h6 8. Be3 Qa5 9. Nd2 0-0 10. Nc4 Qd8 11. Bd3 Ne8 12. Qd2 Kh7 13. g4 b6 14. a4 Na6 15. 0-0-0 Nb4 16. f4 exf4 17. Bxf4 Ba6 18. Rhe1 Bxc4 19. Bxc4 a6 20. e5 b5 21. Bf1 bxa4 22. Nxa4 Qa5 23. b3 Nc7 24. Bc4 Nb5 25. c3 Nxc3 26. Nxc3 Qa1+ 27. Nb1 dxe5 28. Bg3 Na2+ 29. Kc2 Nb4+ 30. Kc1 Na2+ 1/2-1/2

[Event "Politiken Cup 26th"]
[Site "Copenhagen"]
[Date "2004.07.29"]
[Round "7"]
[White "Jorgensen, Michael"]
[Black "Jensen, Soren"]
[Result "0-1"]
[WhiteElo "2251"]
[BlackElo "2090"]
[PlyCount "70"]
[EventDate "2004.07.24"]
[EventType "swiss"]
[EventRounds "10"]
[EventCountry "DEN"]
[SourceTitle "CBM 101 Extra"]
[Source "ChessBase"]
[SourceDate "2004.09.01"]
[SourceVersion "2"]
[SourceVersionDate "2004.09.01"]
[SourceQuality "1"]

1. d4 Nf6 2. f3 d5 3. e4 e6 4. Be3 b6 5. Bb5+ c6 6. Bd3 Qc7 7. e5 Nfd7 8. c3 Ba6 9. Bc2 c5 10. Ne2 Nc6 11. a3 Rc8 12. Ba4 Na5 13. Qc1 Nc4 14. Bf4 Be7 15. Nd2 0-0 16. h4 b5 17. Bd1 Qb6 18. Nxc4 dxc4 19. Be3 f6 20. f4 fxe5 21. fxe5 Bb7 22. Rh2 Rf7 23. Nf4 Bd5 24. Nxd5 exd5 25. Bg4 Qg6 26. Qd1 Rcf8 27. Bf3 Qg3+ 28. Kd2 Qxh2 29. Bxd5 Nb6 30. Bxf7+ Rxf7 31. Qg4 Nd5 32. Qc8+ Bf8 33. Re1 Nxe3 34. e6 Qxg2+ 35. Re2 Rf2 0-1

[Event "North Sea Cup 19th"]
[Site "Esbjerg"]
[Date "2004.07.07"]
[Round "6"]
[White "Jorgensen, Michael"]
[Black "Jensen, Allan Astrup"]
[Result "1-0"]
[WhiteElo "2251"]
[BlackElo "2181"]
[PlyCount "61"]
[EventDate "2004.07.03"]
[EventType "swiss"]
[EventRounds "9"]
[EventCountry "DEN"]
[SourceTitle "CBM 101 Extra"]
[Source "ChessBase"]
[SourceDate "2004.09.01"]
[SourceVersion "2"]
[SourceVersionDate "2004.09.01"]
[SourceQuality "1"]

1. e4 c5 2. Nf3 g6 3. d3 Bg7 4. c3 Nc6 5. Be2 d6 6. 0-0 Nf6 7. Bg5 0-0 8. Nbd2 Bd7 9. Rc1 Rb8 10. Ne1 e5 11. Nc2 b5 12. Ne3 b4 13. f4 exf4 14. Rxf4 bxc3 15. bxc3 Re8 16. Qf1 Ne5 17. Bxf6 Bxf6 18. Rxf6 Be6 19. d4 cxd4 20. cxd4 Nd7 21. Rf2 Bxa2 22. Ra1 Qa5 23. Ndc4 Qa4 24. Rxf7 Rxe4 25. Bd3 Rxd4 26. Rf2 Rf8 27. Raxa2 Qxa2 28. Rxa2 Rxf1+ 29. Bxf1 d5 30. Nd2 a5 31. Nxd5 1-0

[Event "Politiken Cup 23rd"]
[Site "Copenhagen"]
[Date "2001.07.24"]
[Round "10"]
[White "Jorgensen, Michael"]
[Black "Kleinschroth, Roland"]
[Result "1-0"]
[WhiteElo "2290"]
[BlackElo "2160"]
[PlyCount "175"]
[EventDate "2001.07.16"]
[EventType "swiss"]
[EventRounds "11"]
[EventCountry "DEN"]
[SourceTitle "CBM 083 Extra"]
[Source "ChessBase"]
[SourceDate "2001.09.11"]
[SourceVersion "1"]
[SourceVersionDate "2001.09.11"]
[SourceQuality "1"]

1. d4 d5 2. c4 e5 3. dxe5 d4 4. Nf3 Nc6 5. g3 Be6 6. Nbd2 Qd7 7. Bg2 Bh3 8. Bxh3 Qxh3 9. a3 Nh6 10. Qc2 Ng4 11. Qe4 Be7 12. b4 0-0 13. b5 Ncxe5 14. Nxe5 Nxe5 15. Qxe5 Bf6 16. Qf4 d3 17. Ra2 Bc3 18. e3 Qg2 19. Rf1 Rfe8 20. g4 Re6 21. Qg3 Qe4 22. Kd1 Bxd2 23. Rxd2 Qxc4 24. Qf4 Re4 25. Qg5 h6 26. Qf5 Rae8 27. Qd7 Qb3+ 28. Ke1 Qb1 29. Qxc7 Qxb5 30. Rb2 Qa4 31. Qxb7 Rc4 32. Bd2 Qxa3 33. Qb3 Qc5 34. Qxd3 Rc1+ 35. Ke2 Rc4 36. f3 Qc7 37. Rf2 Rc8 38. Rb5 Rc2 39. Rd5 a5 40. Kf1 Qc6 41. Kg2 a4 42. Rd8+ Rxd8 43. Qxd8+ Kh7 44. Qd3+ Kg8 45. Bb4 Rc4 46. Qd6 Rxg4+ 47. Kh3 Rg6 48. Qxc6 Rxc6 49. Ra2 Kh7 50. Rxa4 Rc4 51. Kg3 g5 52. h3 h5 53. e4 f6 54. Ra7+ Kg6 55. Bf8 h4+ 56. Kf2 Rc2+ 57. Ke3 Rc3+ 58. Ke2 Rc2+ 59. Kd3 Rh2 60. Be7 Rxh3 61. Ke2 g4 62. fxg4 Rg3 63. Ra6 h3 64. Rxf6+ Kg7 65. Rf2 Rxg4 66. Kf3 Rg6 67. e5 Rb6 68. Bf6+ Kf7 69. Kg4 Ke6 70. Kxh3 Rb4 71. Kg3 Ra4 72. Rf4 Ra1 73. Rd4 Kf5 74. Rd3 Rg1+ 75. Kf3 Rh1 76. Ke3 Rh7 77. Kd4 Rd7+ 78. Kc4 Rc7+ 79. Kb5 Rc1 80. Rd4 Ke6 81. Rd6+ Kf7 82. Rc6 Rb1+ 83. Kc5 Ke8 84. Kd5 Rb7 85. Ke6 Re7+ 86. Kf5 Ra7 87. e6 Rg7 88. Rc8# 1-0

[Event "Politiken Cup 23rd"]
[Site "Copenhagen"]
[Date "2001.07.20"]
[Round "5"]
[White "Nicolaisen, Erik"]
[Black "Jorgensen, Michael"]
[Result "1/2-1/2"]
[WhiteElo "2015"]
[BlackElo "2290"]
[PlyCount "34"]
[EventDate "2001.07.16"]
[EventType "swiss"]
[EventRounds "11"]
[EventCountry "DEN"]
[SourceTitle "CBM 083 Extra"]
[Source "ChessBase"]
[SourceDate "2001.09.11"]
[SourceVersion "1"]
[SourceVersionDate "2001.09.11"]
[SourceQuality "1"]

1. e4 e6 2. d4 d5 3. Nc3 Bb4 4. exd5 exd5 5. Bd3 Nc6 6. a3 Bxc3+ 7. bxc3 Nge7 8. Qf3 Be6 9. Ne2 Qd7 10. Rb1 0-0-0 11. Bb5 Bf5 12. Nf4 Bxc2 13. Rb2 Qf5 14. Qe2 Bb1 15. 0-0 g5 16. Nd3 Bxd3 17. Bxd3 Qe6 1/2-1/2

[Event "Tage Sorensen Memorial"]
[Site "Holbak"]
[Date "2001.06.28"]
[Round "6"]
[White "Jorgensen, Michael"]
[Black "Nielsen, Max"]
[Result "1-0"]
[WhiteElo "2290"]
[BlackElo "2247"]
[PlyCount "81"]
[EventDate "2001.06.23"]
[EventType "swiss"]
[EventRounds "9"]
[EventCountry "DEN"]
[SourceTitle "EXT 2002"]
[Source "ChessBase"]
[SourceDate "2001.11.25"]
[SourceVersion "1"]
[SourceVersionDate "2001.11.25"]
[SourceQuality "1"]

1. d4 Nf6 2. c4 c5 3. d5 b5 4. cxb5 a6 5. b6 d6 6. Nc3 Qxb6 7. a4 g6 8. a5 Qb7 9. e4 Bg7 10. Bc4 0-0 11. Nge2 Bd7 12. f3 Ne8 13. 0-0 Bb5 14. Qb3 Nc7 15. Bg5 Re8 16. f4 Nd7 17. e5 Rab8 18. e6 Nf6 19. exf7+ Kxf7 20. f5 Bxc4 21. Qxc4 Qb4 22. Qd3 Qg4 23. Bxf6 Bxf6 24. Rf4 Qh5 25. fxg6+ hxg6 26. Raf1 Rh8 27. h3 Ke8 28. Ng3 Qh7 29. Rxf6 exf6 30. Nge4 Qh4 31. Nxd6+ Kd7 32. Nde4 f5 33. Nxc5+ Kd6 34. Nxa6 Rxb2 35. Nxc7 Kxc7 36. Qe3 Rb4 37. Qc5+ Kd7 38. Nb5 Qc4 39. Qd6+ Kc8 40. Qe6+ Kb8 41. Qe5+ 1-0

[Event "Tage Sorensen Memorial"]
[Site "Holbak"]
[Date "2001.06.27"]
[Round "5"]
[White "Hansen, Lars Henrik Bech"]
[Black "Jorgensen, Michael"]
[Result "0-1"]
[WhiteElo "2159"]
[BlackElo "2290"]
[PlyCount "70"]
[EventDate "2001.06.23"]
[EventType "swiss"]
[EventRounds "9"]
[EventCountry "DEN"]
[SourceTitle "EXT 2002"]
[Source "ChessBase"]
[SourceDate "2001.11.25"]
[SourceVersion "1"]
[SourceVersionDate "2001.11.25"]
[SourceQuality "1"]

1. e4 e6 2. d4 d5 3. e5 c5 4. c3 Qb6 5. Nf3 Nc6 6. Bd3 cxd4 7. cxd4 Bd7 8. 0-0 Nxd4 9. Nxd4 Qxd4 10. Qe2 Ne7 11. Kh1 Nc6 12. f4 Bc5 13. Nc3 a6 14. Bd2 Ba7 15. Rae1 g6 16. Rf3 Qb6 17. Be3 Qa5 18. Bxa7 Nxa7 19. Qf2 Nc6 20. Qh4 Qd8 21. Qh6 Qe7 22. f5 gxf5 23. Bxf5 0-0-0 24. Bh3 d4 25. Ne4 Nxe5 26. Rf6 Bc6 27. Bxe6+ fxe6 28. Rxe6 Ng4 29. Rxc6+ bxc6 30. Qxc6+ Kb8 31. Qb6+ Qb7 32. Qe6 Rhg8 33. Rf1 Rde8 34. Qd6+ Ka8 35. Rf7 Rxe4 0-1